00263nam a22001217a 4500020001500000082001200015100001600027245002400043250000600067260002500073300000800098650003500106 a019850330x a546 SHR aShriver D.F aInorganic Chemistry a3 aLondonbOxfordc1999 a763 aChemistryaInorganic Chemistry